Biblioteca

Sistemas de discontinuidad (primera de dos partes) (Registro nro. 61423)

Detalles MARC
000 -LÍDER
Campo fijo de descripción fija 01202cab a22002054i 4500
001 - NÚMERO DE CONTROL
Campo de control 768714001
003 - IDENTIFICADOR DEL NÚMERO DE CONTROL
Campo de control CO-MdFUSB
005 - FECHA Y HORA DE LA ULTIMA TRANSACCIÓN
control field 20230112102428.0
008 - ELEMENTOS DE LONGITUD FIJA -- INFORMACIÓN GENERAL
Campo fijo de descripción fija -- Información general 180716s1996 gt ||||| |||| 00| 0 spa d
022 ## - NÚMERO INTERNACIONAL NORMALIZADO PARA PUBLICACIONES SERIADAS
Número Internacional Normalizado para Publicaciones Seriadas 1014-9341
040 ## - FUENTE DE CATALOGACIÓN
Agencia Catalogadora CO-MdFUSB
Idioma de catalogación spa
Agencia que realiza la transcripción CO-MdFUSB
Agencia que realiza la modificación CO-MdFUSB
041 ## - CÓDIGO DE IDIOMA
Código de idioma para texto/pista de sonido o título separado spa
100 1# - ASIENTO PRINCIPAL--NOMBRE PERSONAL
Nombre personal Feinberg, John S.
Término relacionador autor
245 00 - TÍTULO
Título Sistemas de discontinuidad (primera de dos partes)
Mención de responsabilidad / John S. Feinberg
300 ## - DESCRIPCIÓN FÍSICA
Extensión Número 18 (Enero - Junio, 1996), páginas 7-26
Dimensiones ; 22 cm
520 ## - NOTA DE RESUMEN, ETC.
Nota de sumario, etc. Una manera de clasificar los sistemas teológicos es a través del grado de continuidad o discontinuidad que dan a la relación entre el Antiguo Testamentos. Este artículo busca orientar al lector en el sentido de señalar las características generales de los sistemas que dan más continuidad o discontinuidad. Se iniciará el análisis de lo que el autor considera distintivos del Dispensacionalismo como un sistema de discontinuidad, haciendo contraste con el acercamiento tradicional dentro del Dispensacionalismo mismo y en otros sistemas.
650 #7 - ASIENTO SECUNDARIO DE MATERIA - TERMINO TEMÁTICO
9 (RLIN) 320
Término temático o nombre geográfico como elemento de entrada Teología bíblica
773 0# - ASIENTO DE ITEM FUENTE
Título Kairós
Biblionumber 49489
Itemnumber 61226
Parte(s) relacionada(s) / Volumen., número. (mes año), páginas Número 18 (Enero - Junio, 1996), páginas 7-26
Enumeración y primera página Página 7
942 ## - TIPO DE MATERIAL (KOHA)
Tipo de Item KOHA Artículos de Revista

No hay ítems disponibles.

Biblioteca FUSBC | Teléfono: (57+4) 349 88 10 Ext. 141| WhatsApp (+57) 3005338115 
E-mail: biblioteca@unisbc.edu.co | Calle 76 87-14 Robledo Palenque, Medellín, Colombia

Con tecnología Koha